Biggest Trading Partners - Hong Kong - Statistics

General Stats
  • This quiz has been taken 534 times
  • The average score is 17 of 19
Answer Stats
Exports Country % Correct
$286 B China
100%
$42 B United States
99%
$15.1 B Japan
98%
$11.2 B United Kingdom
97%
$8.65 B Germany
96%
$7.67 B South Korea
96%
$4.47 B France
94%
$15.4 B India
93%
$4.73 B Australia
90%
$9.38 B Singapore
90%
$10.1 B Thailand
90%
$9.36 B Vietnam
90%
$16.5 B Malaysia
88%
$7.44 B Italy
85%
$8.85 B Philippines
83%
$3.59 B Mexico
72%
$7.60 B Netherlands
70%
$7.00 B United Arab Emirates
66%
$9.33 B Switzerland
56%
No matching quizzes found
Score Distribution
Percent of People with Each Score
Percentile by Number Answered
Your Score History
You have not taken this quiz